000 01191nam a22003737a 4500
001 000101727
003 CHAP
005 20220329143533.0
008 100420s2006 us r 00010 eng d
010 _a98190
011 _a99162
020 _a0387974296
035 _a109847
040 _cCHAP
082 0 0 _a519.5
_bB86
_22006
100 1 _aBrockwell, Pedro J.
_915485
245 1 4 _aTime series :
_btheory and methods /
_c/by Peter J. Brockwell and Richard A. Davis.
250 _a2 ed.
260 _aNew York :
_bSpringer,
_cc2006.
300 _axvi, 577 p. :
_bcuadros, tablas.
590 _aBATCH-UPD
_b10
_c20130110
_lUCH01
_h1219
590 _aBATCH-UPD
_b10
_c20130410
_lUCH01
_h0754
590 _aBATCH-UPD
_b10
_c20130914
_lUCH01
_h0750
590 _aCONVERSION
_b10
_c20130109
_lUCH01
_h1354
590 _aE11695DGD
_b10
_c20150327
_lUCH01
_h1500
590 _aE792CSJ
_b05
_c20140923
_lUCH01
_h1004
650 1 4 _aMétodos estadísticos.
_976631
650 1 4 _aTeoría estadística.
_9112313
700 1 _aDavis, Richard A.
_931291
901 _aBK
942 _cLIBRO
942 _n0
949 _a519.5 B78 2006
_bBC
_cLIBRO
_d33724002167470
_eLIBRO
_gI.c/e
_h112324
_i109847
_sb
_t$840.32
999 _c98190
_d98190